[Event "Junior Online 4NCL Division 3"]
[Site "online"]
[Date "2020.09.03"]
[Round "2.51"]
[White "Israni, Ishita"]
[Black "Gaekwad, Ankit"]
[Result "0-1"]
[WhiteElo "364"]
[BlackElo "1517"]
[PlyCount "96"]
[EventDate "2020.09.03"]
[WhiteTeam "East Kilbride Rooks"]
[BlackTeam "KJCA Young Kestrels F"]

1. e4 e6 2. Nf3 d5 3. e5 c5 4. Nc3 Nc6 5. d3 Qb6 6. Be2 Bd7 7. O-O Nge7 8. Bg5
Ng6 9. Qd2 Ncxe5 10. Nxe5 Nxe5 11. Be3 d4 12. Bf4 Ng6 13. Ne4 e5 14. Bg5 f6 15.
Be3 dxe3 16. Qxe3 Rc8 17. Bh5 Be7 18. Nc3 Bc6 19. a4 a6 20. a5 Qc7 21. Ne4 Bxe4
22. Qxe4 Rd8 23. Qa4+ Kf8 24. Ra3 Rd4 25. c4 Kf7 26. Qc2 Rhd8 27. Rd1 Kg8 28.
Be2 Nf4 29. Bf1 e4 30. g3 exd3 31. Bxd3 Nxd3 32. Rdxd3 R8d6 33. Rxd4 Rxd4 34.
Rf3 Bd6 35. Re3 Be5 36. Rf3 Qd7 37. Rf5 Rd1+ 38. Kg2 Rd2 39. Qb1 Rxb2 40. Qe4
Rd2 41. Rh5 Qc6 42. Qf3 Qxf3+ 43. Kxf3 Rd4 44. g4 Rxc4 45. h4 g6 46. Rh6 Kg7
47. g5 Rf4+ 48. Ke3 f5 0-1

[Event "Junior Online 4NCL Division 3"]
[Site "online"]
[Date "2020.09.03"]
[Round "2.52"]
[White "Shkuratovskyi, Makariy"]
[Black "Biswas, Snigdha"]
[Result "1-0"]
[WhiteElo "1375"]
[BlackElo "300"]
[PlyCount "91"]
[EventDate "2020.09.03"]
[WhiteTeam "KJCA Young Kestrels F"]
[BlackTeam "East Kilbride Rooks"]

1. e4 e5 2. Nf3 Nc6 3. Bc4 Bc5 4. c3 Nf6 5. d4 exd4 6. cxd4 Bxd4 7. Nxd4 Nxd4
8. Qxd4 O-O 9. Bg5 b6 10. Bxf6 Qxf6 11. Qxf6 gxf6 12. O-O a6 13. Nc3 b5 14. Bd3
b4 15. Nd5 Kg7 16. Nxc7 Ra7 17. Nd5 Bb7 18. Rac1 Bxd5 19. exd5 a5 20. d6 Rb7
21. Rc7 Rxc7 22. dxc7 Rc8 23. Rc1 a4 24. Ba6 Ra8 25. c8=Q Rxc8 26. Bxc8 a3 27.
bxa3 bxa3 28. Bxd7 f5 29. Bxf5 Kf6 30. Bxh7 Kg7 31. Bc2 f5 32. Bxf5 Kf6 33. Rc3
Kxf5 34. Rxa3 Ke4 35. Rc3 Kd4 36. Rc8 Kd3 37. a4 Ke2 38. a5 Ke1 39. a6 Ke2 40.
a7 Ke1 41. a8=Q Ke2 42. Qe4+ Kd1 43. Rd8+ Kc1 44. Qc6+ Kb2 45. Rb8+ Ka2 46.
Qa8# 1-0

[Event "Junior Online 4NCL Division 3"]
[Site "online"]
[Date "2020.09.03"]
[Round "2.53"]
[White "Bhattacharjee, Aaditya"]
[Black "Allen, George"]
[Result "1-0"]
[WhiteElo "250"]
[BlackElo "1390"]
[PlyCount "65"]
[EventDate "2020.09.03"]
[WhiteTeam "East Kilbride Rooks"]
[BlackTeam "KJCA Young Kestrels F"]

1. e4 e5 2. Nf3 Nc6 3. Bc4 Bc5 4. b4 Bxb4 5. c3 Bc5 6. d4 exd4 7. cxd4 Bb4+ 8.
Bd2 Bxd2+ 9. Nbxd2 d6 10. O-O Bg4 11. Qb3 Na5 12. Bxf7+ Kf8 13. Qa4 b6 14. Bd5
Rc8 15. Qb5 c6 16. Qb2 cxd5 17. exd5 Qf6 18. Ne1 Qg5 19. Qb5 Qxd2 20. Qa6 Qxd4
21. Nc2 Qxd5 22. Nb4 Qe4 23. Nd3 Nf6 24. Rfe1 Qg6 25. Nf4 Qf7 26. Qd3 Qd7 27.
Nd5 Nxd5 28. Qxd5 Qf7 29. Qxd6+ Kg8 30. Re7 Qf8 31. Qd5+ Be6 32. Qxe6+ Qf7 33.
Qxf7# 1-0

[Event "Junior Online 4NCL Division 3"]
[Site "online"]
[Date "2020.09.03"]
[Round "2.54"]
[White "Oprea, Lucas"]
[Black "Vusikala, Tarun"]
[Result "1-0"]
[WhiteElo "1255"]
[BlackElo "103"]
[PlyCount "119"]
[EventDate "2020.09.03"]
[WhiteTeam "KJCA Young Kestrels F"]
[BlackTeam "East Kilbride Rooks"]

1. e4 c5 2. Nf3 Nc6 3. Nc3 e5 4. Bb5 Nf6 5. Bxc6 dxc6 6. d3 Bd6 7. Bg5 O-O 8.
Bxf6 Qxf6 9. O-O Bg4 10. Kh1 Bxf3 11. Qxf3 Qxf3 12. gxf3 Be7 13. Rg1 Bg5 14.
Rxg5 h6 15. Rxe5 f6 16. Rxc5 Rac8 17. Rg1 b6 18. Rf5 c5 19. e5 fxe5 20. Rxe5 a5
21. Re3 g5 22. a3 b5 23. b4 axb4 24. axb4 cxb4 25. Nxb5 Rc5 26. Nd4 Rd8 27.
Rge1 Rxd4 28. Re8+ Kg7 29. R1e7+ Kg6 30. Re6+ Kg7 31. R8e7+ Kf8 32. Re8+ Kf7
33. R8e7+ Kf8 34. Ra7 Rxc2 35. Rb6 Rd8 36. Rxb4 Rxf2 37. Rab7 Rxf3 38. Rb8 Rxb8
39. Rxb8+ Kf7 40. Rh8 Kg6 41. Rd8 Rf1+ 42. Kg2 Rd1 43. Kf2 Rd2+ 44. Ke3 Rxh2
45. d4 Rh3+ 46. Ke4 Rh4+ 47. Kd3 Kf6 48. Kc4 Rh5 49. d5 Ke7 50. Ra8 Kd6 51.
Ra6+ Kd7 52. Kc5 g4 53. Rd6+ Ke7 54. Kc6 g3 55. Re6+ Kd8 56. d6 g2 57. Re1 Rh1
58. Re6 g1=Q 59. d7 h5 60. Re8# 1-0

[Event "Junior Online 4NCL Division 3"]
[Site "online"]
[Date "2020.09.03"]
[Round "2.55"]
[White "Gaekwad, Ankit"]
[Black "Israni, Ishita"]
[Result "1-0"]
[WhiteElo "1517"]
[BlackElo "364"]
[PlyCount "55"]
[EventDate "2020.09.03"]
[WhiteTeam "KJCA Young Kestrels F"]
[BlackTeam "East Kilbride Rooks"]

1. d4 d5 2. Bf4 Nc6 3. e3 Nf6 4. Nf3 Bf5 5. c3 e6 6. Nbd2 Be7 7. h3 h6 8. Be2
O-O 9. Bh2 Qd7 10. Ne5 Nxe5 11. dxe5 Nh5 12. Bxh5 g6 13. Be2 Bc5 14. g4 Be4 15.
Nxe4 dxe4 16. Qxd7 Rfd8 17. Qxc7 Rdc8 18. Qa5 b6 19. Qa4 Rab8 20. O-O-O Be7 21.
Qxe4 f5 22. gxf5 exf5 23. Qg2 Re8 24. Qxg6+ Kh8 25. Qxh6+ Kg8 26. Rhg1+ Kf7 27.
Rg7+ Kf8 28. Qh8# 1-0

[Event "Junior Online 4NCL Division 3"]
[Site "online"]
[Date "2020.09.03"]
[Round "2.56"]
[White "Biswas, Snigdha"]
[Black "Shkuratovskyi, Makariy"]
[Result "0-1"]
[WhiteElo "300"]
[BlackElo "1375"]
[PlyCount "114"]
[EventDate "2020.09.03"]
[WhiteTeam "East Kilbride Rooks"]
[BlackTeam "KJCA Young Kestrels F"]

1. e4 c5 2. Bc4 d6 3. d3 Nf6 4. Nc3 g6 5. Nf3 Bg7 6. Bg5 O-O 7. e5 dxe5 8. Nxe5
Nfd7 9. Nf3 Qc7 10. Qd2 Ne5 11. Bb3 Nxf3+ 12. gxf3 Bxc3 13. bxc3 Nc6 14. Bf4 e5
15. Bg3 b5 16. Bd5 Re8 17. c4 Be6 18. Rb1 bxc4 19. dxc4 Bxd5 20. cxd5 Nd4 21.
Qd3 Qd6 22. Qe4 f5 23. Qd3 Qxd5 24. O-O Qxf3 25. Bxe5 Qxd3 26. cxd3 Rxe5 27. f4
Re3 28. Rbd1 Rae8 29. a4 Ne2+ 30. Kf2 Nc3 31. Kg1 Nxd1 32. Rxd1 Re1+ 33. Rxe1
Rxe1+ 34. Kf2 Ra1 35. Ke3 Rxa4 36. h4 Ra3 37. Kd2 Ra2+ 38. Ke3 Rh2 39. Kf3 Rxh4
40. Kg3 a5 41. Kxh4 a4 42. Kg3 a3 43. Kf2 a2 44. Ke3 a1=Q 45. Kf3 Qd4 46. Kg3
Qxd3+ 47. Kh4 Qf1 48. Kg5 h6+ 49. Kxh6 Qxf4+ 50. Kxg6 Qd6+ 51. Kxf5 c4 52. Ke4
c3 53. Kf5 c2 54. Kg5 c1=Q+ 55. Kf5 Qf1+ 56. Kg5 Qg3+ 57. Kh6 Qfh3# 0-1

[Event "Junior Online 4NCL Division 3"]
[Site "online"]
[Date "2020.09.03"]
[Round "2.57"]
[White "Allen, George"]
[Black "Bhattacharjee, Aaditya"]
[Result "1-0"]
[WhiteElo "1390"]
[BlackElo "250"]
[PlyCount "63"]
[EventDate "2020.09.03"]
[WhiteTeam "KJCA Young Kestrels F"]
[BlackTeam "East Kilbride Rooks"]

1. b4 e5 2. Bb2 Bxb4 3. Bxe5 Nf6 4. h3 O-O 5. a3 Ba5 6. Nf3 d6 7. Bf4 Be6 8. e3
Nc6 9. Bd3 d5 10. O-O Ne4 11. Bxe4 dxe4 12. Ne1 Qh4 13. Bg3 Qh6 14. d3 exd3 15.
cxd3 Bxe1 16. Rxe1 Qg6 17. Qf3 Rac8 18. Nc3 Na5 19. Red1 Rcd8 20. Ne4 c6 21.
Bc7 Rd7 22. Bxa5 Bd5 23. Bb4 Re8 24. Qg3 Qf5 25. Nc5 Rdd8 26. Nxb7 Rd7 27. Nc5
Rdd8 28. e4 Qh5 29. exd5 Qxd5 30. Bc3 g6 31. Ne4 Qh5 32. Nf6+ 1-0

[Event "Junior Online 4NCL Division 3"]
[Site "online"]
[Date "2020.09.03"]
[Round "2.58"]
[White "Vusikala, Tarun"]
[Black "Oprea, Lucas"]
[Result "1-0"]
[WhiteElo "103"]
[BlackElo "1255"]
[PlyCount "79"]
[EventDate "2020.09.03"]
[WhiteTeam "East Kilbride Rooks"]
[BlackTeam "KJCA Young Kestrels F"]

1. e4 e5 2. Nf3 Nc6 3. Bc4 Nf6 4. Ng5 d5 5. exd5 Nxd5 6. Bxd5 Qxg5 7. d4 Qd8 8.
dxe5 Nxe5 9. Bxf7+ Ke7 10. Qxd8+ Kxd8 11. Bd5 c6 12. Be4 Bb4+ 13. c3 Bc5 14.
O-O g6 15. b4 Bd6 16. Bg5+ Be7 17. Bxe7+ Kxe7 18. Nd2 Bf5 19. Bxf5 gxf5 20. Nb3
Rae8 21. Nc5 Kd6 22. Nxb7+ Kd7 23. Nc5+ Kd8 24. Rfd1+ Kc8 25. Re1 Rhf8 26. Rad1
Rf7 27. Re2 Rfe7 28. Rde1 Kc7 29. f4 Nd3 30. Rxe7+ Rxe7 31. Rxe7+ Kd6 32. Rxh7
Nxc5 33. bxc5+ Kxc5 34. Rxa7 Kc4 35. a4 c5 36. a5 Kxc3 37. a6 Kb4 38. Rb7+ Ka5
39. a7 Ka6 40. a8=Q# 1-0

[Event "Junior Online 4NCL Division 3"]
[Site "online"]
[Date "2020.09.03"]
[Round "2.61"]
[White "Kedikoglou, Elias"]
[Black "Hilmi, Sofia"]
[Result "0-1"]
[WhiteElo "1202"]
[BlackElo "790"]
[PlyCount "60"]
[EventDate "2020.09.03"]
[WhiteTeam "MCS Tenners"]
[BlackTeam "Blue Foxes"]

1. e4 e5 2. Nf3 Nc6 3. Nc3 Nf6 4. Bc4 Bb4 5. a3 Bxc3 6. bxc3 d6 7. d4 Bg4 8. d5
Na5 9. Be2 O-O 10. Bg5 h6 11. Bh4 a6 12. Nd2 Bxe2 13. Qxe2 b5 14. O-O c5 15. a4
Rb8 16. c4 bxc4 17. Nxc4 Nxc4 18. Qxc4 Rb2 19. c3 Rb6 20. Rab1 Rxb1 21. Rxb1
Qd7 22. Qxa6 Nxe4 23. Rb7 Qc8 24. c4 Nd2 25. Be7 Re8 26. Bxd6 Ne4 27. Be7 Qg4
28. f3 Qf4 29. fxe4 Qxe4 30. a5 Qe1# 0-1

[Event "Junior Online 4NCL Division 3"]
[Site "online"]
[Date "2020.09.03"]
[Round "2.62"]
[White "Ahmad, Amelia"]
[Black "Yao, Rian"]
[Result "1-0"]
[WhiteElo "850"]
[BlackElo "1157"]
[PlyCount "43"]
[EventDate "2020.09.03"]
[WhiteTeam "Blue Foxes"]
[BlackTeam "MCS Tenners"]

1. e4 e5 2. Nf3 Nc6 3. Bc4 Bc5 4. d3 Nf6 5. Ng5 O-O 6. Nxf7 d5 7. Nxd8 dxc4 8.
Nxc6 bxc6 9. dxc4 Ng4 10. O-O Bxf2+ 11. Rxf2 Nxf2 12. Qe1 Rf4 13. Bxf4 exf4 14.
Qxf2 Ba6 15. Qxf4 Bxc4 16. Qxc7 Rf8 17. Na3 Ba6 18. Qxc6 Be2 19. Qd5+ Kh8 20.
Qd2 Ba6 21. Qd6 Kg8 22. Qxa6 1-0

[Event "Junior Online 4NCL Division 3"]
[Site "online"]
[Date "2020.09.03"]
[Round "2.63"]
[White "Large, Marcus"]
[Black "Prashanth, Shrivats"]
[Result "1-0"]
[WhiteElo "917"]
[BlackElo "775"]
[PlyCount "51"]
[EventDate "2020.09.03"]
[WhiteTeam "MCS Tenners"]
[BlackTeam "Blue Foxes"]

1. e4 e5 2. Nf3 Nc6 3. Nc3 Nf6 4. d3 d6 5. Bg5 h6 6. Be3 b6 7. g3 Bb7 8. Bg2
Ng4 9. d4 Nxe3 10. fxe3 f6 11. Nd5 a6 12. b3 Be7 13. O-O Bf8 14. c4 b5 15. cxb5
axb5 16. Qe2 Ba6 17. Qd2 Bb7 18. Qc3 Rc8 19. Bh3 Rb8 20. Bf5 Ra8 21. Bg6+ Kd7
22. Nh4 h5 23. Bf5+ Ke8 24. Ng6 Rg8 25. Be6 Qb8 26. Bxg8 1-0

[Event "Junior Online 4NCL Division 3"]
[Site "online"]
[Date "2020.09.03"]
[Round "2.64"]
[White "Mehta, Zara"]
[Black "Parekh, Cole"]
[Result "0-1"]
[WhiteElo "775"]
[BlackElo "902"]
[PlyCount "84"]
[EventDate "2020.09.03"]
[WhiteTeam "Blue Foxes"]
[BlackTeam "MCS Tenners"]

1. e4 e5 2. Nf3 Nc6 3. Nc3 Nf6 4. Be2 Be7 5. b4 O-O 6. Bb2 Bxb4 7. O-O Qe7 8.
h3 Qe8 9. Ng5 Be7 10. Bc4 d6 11. Ne6 Bxe6 12. Bxe6 fxe6 13. Nb5 Bd8 14. Qf3 a6
15. Nc3 Qf7 16. Ba3 Be7 17. Na4 Qe8 18. Rfb1 Nd4 19. Qc3 Ne2+ 20. Kf1 Nxc3 21.
Nxc3 d5 22. exd5 exd5 23. Bxe7 Qxe7 24. Rxb7 d4 25. Na4 Rab8 26. Ra7 Ne4 27. d3
Nc5 28. Nxc5 Qxc5 29. Rxa6 e4 30. dxe4 Qc4+ 31. Kg1 Qxa6 32. e5 Rfe8 33. Re1
Qxa2 34. e6 Qxc2 35. e7 Rb1 36. Rf1 Rxf1+ 37. Kxf1 Rxe7 38. f4 Qc1+ 39. Kf2 Qc3
40. g3 Qd3 41. g4 Re2+ 42. Kf1 Qd1# 0-1

[Event "Junior Online 4NCL Division 3"]
[Site "online"]
[Date "2020.09.03"]
[Round "2.65"]
[White "Hilmi, Sofia"]
[Black "Kedikoglou, Elias"]
[Result "1-0"]
[WhiteElo "790"]
[BlackElo "1202"]
[PlyCount "121"]
[EventDate "2020.09.03"]
[WhiteTeam "Blue Foxes"]
[BlackTeam "MCS Tenners"]

1. e4 c5 2. Nf3 d6 3. Nc3 Nc6 4. Bb5 a6 5. Ba4 Bd7 6. d3 Nd4 7. Bxd7+ Qxd7 8.
Nxd4 cxd4 9. Ne2 e5 10. Bd2 Be7 11. O-O Nf6 12. h3 d5 13. Ng3 dxe4 14. Nxe4
Nxe4 15. dxe4 d3 16. Bc3 Rd8 17. cxd3 Qxd3 18. Qxd3 Rxd3 19. Bxe5 Rd2 20. Bxg7
Rg8 21. Bc3 Rd6 22. e5 Rdg6 23. g3 Rh6 24. Kh2 Rgg6 25. Rac1 Rh5 26. Bd2 Bg5
27. Bxg5 Rgxg5 28. Rfe1 Rxe5 29. Rxe5+ Rxe5 30. Rc7 b5 31. Rc8+ Kd7 32. Rc2 Kd6
33. Kg2 Rf5 34. g4 Rg5 35. Kg3 Ke5 36. Rc5+ Kf6 37. Rxg5 Kxg5 38. h4+ Kf6 39.
Kf4 h6 40. f3 a5 41. g5+ Kg6 42. gxh6 Kxh6 43. Kf5 Kg7 44. h5 f6 45. f4 a4 46.
h6+ Kxh6 47. Kxf6 Kh7 48. f5 Kg8 49. Ke7 Kg7 50. f6+ Kg8 51. f7+ Kg7 52. f8=Q+
Kg6 53. Qf1 Kg5 54. Ke6 Kg4 55. Ke5 Kg5 56. Qg1+ Kh5 57. Kf4 Kh6 58. Kf5 Kh7
59. Kf6 Kh8 60. Kf7 b4 61. Qh1# 1-0

[Event "Junior Online 4NCL Division 3"]
[Site "online"]
[Date "2020.09.03"]
[Round "2.66"]
[White "Yao, Rian"]
[Black "Ahmad, Amelia"]
[Result "0-1"]
[WhiteElo "1157"]
[BlackElo "850"]
[PlyCount "52"]
[EventDate "2020.09.03"]
[WhiteTeam "MCS Tenners"]
[BlackTeam "Blue Foxes"]

1. e4 e5 2. Nf3 Nc6 3. Bc4 Bc5 4. c3 d6 5. d4 exd4 6. cxd4 Bb4+ 7. Nc3 Nf6 8.
Ng5 Bxc3+ 9. bxc3 Rf8 10. d5 Na5 11. Bb5+ c6 12. dxc6 bxc6 13. Bc4 Nxc4 14. Qa4
Ne5 15. f4 Ned7 16. Qxc6 Rb8 17. Qxd6 h6 18. Qxb8 Nxb8 19. Nf3 Nxe4 20. O-O
Nxc3 21. Re1+ Be6 22. Bb2 Qb6+ 23. Kh1 Qxb2 24. a4 Kd8 25. Nd4 Bd5 26. Nf5
Qxg2# 0-1

[Event "Junior Online 4NCL Division 3"]
[Site "online"]
[Date "2020.09.03"]
[Round "2.67"]
[White "Prashanth, Shrivats"]
[Black "Large, Marcus"]
[Result "1/2-1/2"]
[WhiteElo "775"]
[BlackElo "917"]
[PlyCount "79"]
[EventDate "2020.09.03"]
[WhiteTeam "Blue Foxes"]
[BlackTeam "MCS Tenners"]

1. e4 e5 2. Nf3 Nc6 3. Nc3 Bc5 4. Bb5 a6 5. Ba4 b5 6. Nxb5 axb5 7. Bxb5 Ba6 8.
Bxa6 Rxa6 9. Qe2 Ra7 10. Qc4 d6 11. Qf1 Nf6 12. d3 d5 13. exd5 Nxd5 14. Bg5 Nf6
15. Qe2 h6 16. Bh4 g5 17. Bg3 g4 18. Nxe5 Qa8 19. Nxc6+ Kd7 20. Nxa7 Qxa7 21.
Bh4 Nd5 22. Qxg4+ Kc6 23. Qg7 Re8+ 24. Be7 Rxe7+ 25. Kd1 Bxf2 26. Qxh6+ f6 27.
Rf1 Ne3+ 28. Ke2 Nxf1+ 29. Kxf1 Be3 30. Qxf6+ Kd7 31. Qf5+ Ke8 32. Qh5+ Kd8 33.
Qh8+ Re8 34. Qh4+ Kc8 35. Qg4+ Kb8 36. Qb4+ Kc8 37. Qg4+ Kd8 38. Qh4+ Re7 39.
Qh8+ Re8 40. Qh4+ 1/2-1/2

[Event "Junior Online 4NCL Division 3"]
[Site "online"]
[Date "2020.09.03"]
[Round "2.68"]
[White "Parekh, Cole"]
[Black "Mehta, Zara"]
[Result "1-0"]
[WhiteElo "902"]
[BlackElo "775"]
[PlyCount "59"]
[EventDate "2020.09.03"]
[WhiteTeam "MCS Tenners"]
[BlackTeam "Blue Foxes"]

1. e4 d5 2. exd5 Qxd5 3. Nc3 Qe5+ 4. Nce2 Bg4 5. h3 Bxe2 6. Nxe2 Nc6 7. d4 Rd8
8. Be3 Qd5 9. c3 Nf6 10. Qb3 Qxb3 11. axb3 Na5 12. Rxa5 Nd5 13. Nf4 Nxf4 14.
Bxf4 e5 15. Bxe5 f6 16. Bxc7 Rc8 17. Bf4 g5 18. Be3 b6 19. Rxa7 Rc6 20. Bb5 Kd8
21. Bxc6 Bd6 22. Rd7+ Ke8 23. Rxd6+ Kf7 24. d5 Ke7 25. Rd7+ Ke8 26. Rxh7+ Kf8
27. Rxh8+ Kf7 28. h4 gxh4 29. R1xh4 f5 30. R4h6 1-0

[Event "Junior Online 4NCL Division 3"]
[Site "online"]
[Date "2020.09.03"]
[Round "2.71"]
[White "Friedersdorff, Finlay"]
[Black "Knight, Michael D"]
[Result "1-0"]
[WhiteElo "887"]
[BlackElo "1075"]
[PlyCount "47"]
[EventDate "2020.09.03"]
[WhiteTeam "Leicestershire Juniors 5"]
[BlackTeam "Uxbridge JAMMA"]

1. e4 e6 2. d4 d5 3. Nc3 c5 4. Nf3 Ne7 5. Bf4 Ng6 6. Bg5 Be7 7. Bxe7 Qxe7 8.
Bb5+ Nc6 9. exd5 exd5+ 10. Ne2 Nf4 11. Qd2 Nxg2+ 12. Kd1 O-O 13. Rg1 Nh4 14.
Nxh4 Qxh4 15. dxc5 Qxf2 16. Rg3 Qxc5 17. Qd3 Ne5 18. Qd2 a6 19. Bd3 Qd4 20.
Nxd4 Nc4 21. Bxc4 dxc4 22. Qc3 Be6 23. Nxe6 fxe6 24. Qxg7# 1-0

[Event "Junior Online 4NCL Division 3"]
[Site "online"]
[Date "2020.09.03"]
[Round "2.73"]
[White "Das, Anish"]
[Black "Shotton, Alex"]
[Result "1-0"]
[WhiteElo "887"]
[BlackElo "970"]
[PlyCount "35"]
[EventDate "2020.09.03"]
[WhiteTeam "Leicestershire Juniors 5"]
[BlackTeam "Uxbridge JAMMA"]

1. e4 e5 2. Nf3 Nc6 3. Bc4 Nf6 4. Ng5 Qe7 5. Nxf7 Rg8 6. Nc3 Na5 7. Nd6+ Qxd6
8. Bxg8 Nxg8 9. Qh5+ g6 10. Qxh7 Nf6 11. Qxg6+ Kd8 12. O-O b6 13. d3 Qc5 14.
Bg5 Be7 15. Bxf6 Bxf6 16. Qxf6+ Ke8 17. Nd5 Qxc2 18. Qe7# 1-0

[Event "Junior Online 4NCL Division 3"]
[Site "online"]
[Date "2020.09.03"]
[Round "2.75"]
[White "Knight, Michael D"]
[Black "Friedersdorff, Finlay"]
[Result "0-1"]
[WhiteElo "1075"]
[BlackElo "887"]
[PlyCount "42"]
[EventDate "2020.09.03"]
[WhiteTeam "Uxbridge JAMMA"]
[BlackTeam "Leicestershire Juniors 5"]

1. e4 e5 2. Nf3 Nc6 3. Bc4 Bc5 4. d3 d6 5. Ng5 Nf6 6. Nxf7 Qd7 7. Nxh8 Nd4 8.
O-O Ng4 9. h3 Nf6 10. Nc3 Nc6 11. Nf7 h6 12. Nh8 Nd4 13. Bf7+ Kf8 14. Bc4 Qc6
15. Ng6+ Ke8 16. a3 d5 17. Nxd5 Nxd5 18. Nxe5 Qe6 19. Bxd5 Qxe5 20. b4 Bd6 21.
c3 Qh2# 0-1

[Event "Junior Online 4NCL Division 3"]
[Site "online"]
[Date "2020.09.03"]
[Round "2.77"]
[White "Shotton, Alex"]
[Black "Das, Anish"]
[Result "0-1"]
[WhiteElo "970"]
[BlackElo "887"]
[PlyCount "38"]
[EventDate "2020.09.03"]
[WhiteTeam "Uxbridge JAMMA"]
[BlackTeam "Leicestershire Juniors 5"]

1. e4 c5 2. Bc4 e6 3. b3 d5 4. Bb5+ Bd7 5. a4 Bxb5 6. axb5 b6 7. exd5 exd5 8.
Qe2+ Be7 9. Nc3 d4 10. Na4 Qd5 11. c4 Qxg2 12. Nxb6 axb6 13. Rxa8 Qxa8 14. Nf3
Nf6 15. Rg1 O-O 16. Ne5 Bd6 17. Nf3 Re8 18. Qxe8+ Nxe8 19. d3 Qxf3 0-1

[Event "Junior Online 4NCL Division 3"]
[Site "online"]
[Date "2020.09.03"]
[Round "2.82"]
[White "Gunatilake, Dyansa"]
[Black "Kalavadia, Kunal"]
[Result "0-1"]
[WhiteElo "1202"]
[BlackElo "700"]
[PlyCount "120"]
[EventDate "2020.09.03"]
[WhiteTeam "Bristol Bishops"]
[BlackTeam "Watford Juniors D"]

1. a4 e5 2. b3 d5 3. g3 Nc6 4. Bb2 Nf6 5. e3 d4 6. exd4 exd4 7. Nf3 b6 8. h4
Bb7 9. Qe2+ Qe7 10. Qxe7+ Bxe7 11. Bb5 O-O-O 12. O-O Nb4 13. Ba3 Nxc2 14. Bxe7
Nxa1 15. Bxd8 Rxd8 16. Bd3 Bxf3 17. Bf5+ Kb7 18. Na3 Nxb3 19. Nc4 Nc5 20. Ne5
Bc6 21. Nxf7 Re8 22. a5 Re7 23. Nd8+ Ka6 24. Nxc6 Re8 25. Nb4+ Kxa5 26. Rb1 g6
27. Nc6+ Ka6 28. Ra1+ Kb7 29. Nxd4 Rd8 30. Ne6 Rxd2 31. Nd8+ Rxd8 32. Bg4 Nxg4
33. f3 Ne5 34. f4 Nc4 35. g4 Ne3 36. h5 Rd1+ 37. Rxd1 Nxd1 38. f5 gxh5 39. gxh5
Nd7 40. Kf1 Ne3+ 41. Kf2 Nxf5 42. h6 a5 43. Ke2 a4 44. Kd2 a3 45. Kc1 Nxh6 46.
Kb1 Nf7 47. Ka2 h5 48. Kxa3 h4 49. Kb2 h3 50. Kc3 h2 51. Kd4 h1=Q 52. Kc4 Kc6
53. Kb4 Qd5 54. Kc3 Kb5 55. Kb2 Qc4 56. Kb1 Qc3 57. Ka2 Qb4 58. Ka1 Kc4 59. Ka2
Kc3 60. Ka1 Qb2# 0-1

[Event "Junior Online 4NCL Division 3"]
[Site "online"]
[Date "2020.09.03"]
[Round "2.83"]
[White "Bamania, Prayaan"]
[Black "Clegg, Anya"]
[Result "0-1"]
[WhiteElo "700"]
[BlackElo "1180"]
[PlyCount "44"]
[EventDate "2020.09.03"]
[WhiteTeam "Watford Juniors D"]
[BlackTeam "Bristol Bishops"]

1. d4 d5 2. Bf4 Nc6 3. e3 Nf6 4. Bd3 g6 5. Nf3 Bg7 6. O-O O-O 7. Nbd2 Bg4 8. h3
Bxf3 9. Nxf3 Qe8 10. Bxc7 Rc8 11. Ba5 Nxa5 12. e4 dxe4 13. Bxe4 Nxe4 14. Ng5
Nxg5 15. f4 Ne6 16. d5 Nc7 17. d6 exd6 18. Re1 Qc6 19. c4 Nxc4 20. Rc1 Rce8 21.
Rxe8 Rxe8 22. Qe2 Rxe2 0-1

[Event "Junior Online 4NCL Division 3"]
[Site "online"]
[Date "2020.09.03"]
[Round "2.84"]
[White "Gunatilake, Avishka"]
[Black "Sriram, Gautam"]
[Result "1-0"]
[WhiteElo "1067"]
[BlackElo "700"]
[PlyCount "115"]
[EventDate "2020.09.03"]
[WhiteTeam "Bristol Bishops"]
[BlackTeam "Watford Juniors D"]

1. e4 e5 2. Nf3 Bd6 3. Bc4 Nf6 4. O-O O-O 5. d3 Re8 6. Nc3 Bc5 7. Bg5 h6 8. Bh4
c6 9. a3 Na6 10. b4 Bd6 11. Re1 b5 12. Bb3 Bb7 13. Qd2 Qe7 14. Rad1 Rad8 15. d4
exd4 16. Nxd4 Be5 17. Nf5 Qf8 18. a4 bxa4 19. Bxa4 Nc7 20. Nd4 Bxd4 21. Qxd4
Ne6 22. Qd2 Ba6 23. Bxf6 gxf6 24. b5 cxb5 25. Bxb5 Bxb5 26. Nxb5 a6 27. Nd6 Re7
28. Nb7 Rb8 29. Nd6 Rb6 30. Qc3 Rc6 31. Qd2 Qb8 32. Nf5 Kf8 33. Qxh6+ Ke8 34.
Qh8+ Nf8 35. Ng7+ Kd8 36. Qxf8+ Kc7 37. Qxe7 Rxc2 38. Qxf6 Qa7 39. Rc1 Rxc1 40.
Rxc1+ Kb8 41. Qd8+ Kb7 42. Qc7+ Ka8 43. Qxa7+ Kxa7 44. h4 Kb7 45. h5 a5 46. h6
a4 47. h7 a3 48. Ra1 a2 49. h8=Q Kb6 50. Rxa2 Kc5 51. Qc8+ Kd6 52. Ne8+ Ke5 53.
Qxd7 Kxe4 54. Re2+ Kf4 55. Qxf7+ Kg5 56. Re3 Kg4 57. Rg3+ Kh4 58. Qh7# 1-0

[Event "Junior Online 4NCL Division 3"]
[Site "online"]
[Date "2020.09.03"]
[Round "2.85"]
[White "Bleeg, Elliott"]
[Black "Manoj Kumar, Arth"]
[Result "1-0"]
[WhiteElo "1307"]
[BlackElo "850"]
[PlyCount "51"]
[EventDate "2020.09.03"]
[WhiteTeam "Bristol Bishops"]
[BlackTeam "Watford Juniors D"]

1. e4 e5 2. Nf3 Nc6 3. Nc3 Bb4 4. Nd5 Nf6 5. Nxb4 Nh5 6. Nxc6 bxc6 7. Nxe5 Nf4
8. Qf3 O-O 9. Qxf4 d6 10. Nd3 c5 11. e5 dxe5 12. Qe4 Re8 13. Qxa8 Bb7 14. Qxb7
Qg5 15. Nxc5 Rd8 16. Qxc7 Rd4 17. Qc8+ Qd8 18. Qxd8+ Rxd8 19. Nd3 e4 20. Nc5 e3
21. fxe3 Rxd2 22. Bxd2 f6 23. Bb4 f5 24. Nd7 g5 25. Bc4+ Kh8 26. Bc3# 1-0

[Event "Junior Online 4NCL Division 3"]
[Site "online"]
[Date "2020.09.03"]
[Round "2.86"]
[White "Kalavadia, Kunal"]
[Black "Gunatilake, Dyansa"]
[Result "0-1"]
[WhiteElo "700"]
[BlackElo "1202"]
[PlyCount "74"]
[EventDate "2020.09.03"]
[WhiteTeam "Watford Juniors D"]
[BlackTeam "Bristol Bishops"]

1. e4 b6 2. d4 g6 3. Nc3 a5 4. Nf3 e6 5. Bc4 h5 6. Bf4 Ra7 7. O-O Nc6 8. Re1
Rb7 9. Qd2 Nf6 10. Rad1 d6 11. h3 Na7 12. a3 c5 13. dxc5 bxc5 14. e5 Nh7 15.
Ba6 Rc7 16. Bxc8 Rxc8 17. Ne4 d5 18. Nd6+ Bxd6 19. exd6 O-O 20. Be5 f6 21. Bc3
Nc6 22. b4 axb4 23. axb4 cxb4 24. Bxb4 Nxb4 25. Qxb4 Rb8 26. Qd2 Rb7 27. Nd4
Rb6 28. Nxe6 Qc8 29. Nxf8 Qxf8 30. Qe2 Qd8 31. Qe8+ Qxe8 32. Rxe8+ Nf8 33. Rxd5
Rb1+ 34. Kh2 g5 35. Kg3 h4+ 36. Kg4 Rb4+ 37. Kf5 Rf4# 0-1

[Event "Junior Online 4NCL Division 3"]
[Site "online"]
[Date "2020.09.03"]
[Round "2.87"]
[White "Clegg, Anya"]
[Black "Bamania, Prayaan"]
[Result "1-0"]
[WhiteElo "1180"]
[BlackElo "700"]
[PlyCount "53"]
[EventDate "2020.09.03"]
[WhiteTeam "Bristol Bishops"]
[BlackTeam "Watford Juniors D"]

1. d4 d5 2. e3 e6 3. Bd3 Bc5 4. dxc5 e5 5. Be2 d4 6. exd4 exd4 7. Nf3 Bf5 8.
O-O d3 9. cxd3 Be6 10. Nc3 Nd7 11. d4 Ndf6 12. Ng5 Ng4 13. Bxg4 Bxg4 14. Qxg4
Nh6 15. Qe4+ Qe7 16. Qxe7+ Kxe7 17. Re1+ Kf8 18. Nge4 Ng4 19. d5 f5 20. Ng3 Re8
21. Rxe8+ Kxe8 22. Nxf5 Kf7 23. Bf4 g6 24. Nd4 Re8 25. Kf1 Nxh2+ 26. Bxh2 Re5
27. Bxe5 1-0

[Event "Junior Online 4NCL Division 3"]
[Site "online"]
[Date "2020.09.03"]
[Round "2.88"]
[White "Sriram, Gautam"]
[Black "Gunatilake, Avishka"]
[Result "1-0"]
[WhiteElo "700"]
[BlackElo "1067"]
[PlyCount "49"]
[EventDate "2020.09.03"]
[WhiteTeam "Watford Juniors D"]
[BlackTeam "Bristol Bishops"]

1. e4 e5 2. Nf3 Nc6 3. Bb5 Nf6 4. Bxc6 bxc6 5. Nxe5 Nxe4 6. Qe2 Nc5 7. Nxc6+
Be7 8. Nxd8 Ba6 9. Qe3 Rxd8 10. d3 Ne6 11. O-O Bg5 12. Qe5 Bf6 13. Qa5 Bc8 14.
a4 Be7 15. Ra2 O-O 16. Qc3 Rfe8 17. b3 c5 18. Bb2 Bb7 19. Re1 Nd4 20. Nd2 Bf6
21. Rxe8+ Rxe8 22. Qxc5 Nc6 23. Qd6 Bxb2 24. Qxd7 Nd8 25. Qxe8# 1-0